Statystyki dla Rozwiń skróty!

Kliknij tutaj aby rozwiązać quiz!

Ogólne statystyki

  • Ten quiz został rozwiązany 96 razy
  • Średni wynik to 11 z 22

Statystyki odpowiedzi

SkrótRozwinięcie% Poprawnych
RPARepublika południowej Afryki
90%
UEUnia Europejska
86%
WOSWiedza o społeczeństwie
85%
MgrMagister
77%
Tzn.To znaczy
77%
MLNMilion
76%
NBPNarodowy bank polski
73%
GTAGrand theft auto
65%
HiTHistoria i teraźniejszość
65%
UKWielka brytania
63%
CBACentralne biuro antykorupcyjne
53%
GUSGłówny urząd statystyczny
53%
USDDolar amerykański
51%
S.A.Spółka akcyjna
51%
kWhKilowatogodzina
47%
AGDArtykuły gospodarstwa domowego
28%
NIPNumer identyfikacji podatkowej
25%
p.o.Pełniący obowiązki
24%
ub.Ubiegły
16%
FBIFederal bureau of investigation
15%
PESELPowszechny elektroniczny system ewidencji ludności
4%
DRSDrug reduction system
3%

Rozkład punktacji

Percentyl według liczby udzielonych odpowiedzi

Procent ludzi z każdym wynikiem

Twoja historia wyników

Nie rozwiązałeś tego quizu